| 000 | 00475nam a2200169Ia 4500 | ||
|---|---|---|---|
| 008 | 151213s9999 xx 000 0 und d | ||
| 020 | _a984-849-000-0 | ||
| 100 | _aKhandaker Mostak Ahmed | ||
| 245 |
_aT.S. Eliot, Tradition and The Individual Talent _cKhandaker Mostak Ahmed |
||
| 250 | _a1st | ||
| 260 |
_aDhaka _bFriends Book Corner _c1997 |
||
| 300 | _a4805 p. | ||
| 650 | _aEnglish | ||
| 650 | _aEnglish Literature | ||
| 700 | _aKhandaker Mostak Ahmed | ||
| 999 |
_c3030 _d3030 |
||